000
00249nam a2200121 a 4500
005
20260322212058.0
008
data
092
_a
278
100
1
_a
Sam Smith
245
1
4
_a
The thrill of it all
_c
Sam Smith.
260
_b
Universal Music
_c
2017
001
data
999
_c
1377
_d
1377